000 00369nam a22001577a 4500
003 CEME
005 20210628204141.0
008 210309b xxu||||| |||| 00| 0 eng d
040 _c.
082 _a621.3813 MIC
100 _aS.Saad Theodore
_968968
245 _aMicrowave engineers handbook
260 _aRAWALPINDI
_bPDF
_c1971
300 _aPDF
942 _cBK
_2ddc
999 _c576406
_d576406